<?xml version="1.0" encoding="UTF-8"?>
<record
    xmlns:xsi="http://www.w3.org/2001/XMLSchema-instance"
    xsi:schemaLocation="http://www.loc.gov/MARC21/slim http://www.loc.gov/standards/marcxml/schema/MARC21slim.xsd"
    xmlns="http://www.loc.gov/MARC21/slim">

  <leader>00767    a2200229   4500</leader>
  <controlfield tag="005">20260409125130.0</controlfield>
  <datafield tag="020" ind1=" " ind2=" ">
    <subfield code="a">97817792844604</subfield>
  </datafield>
  <datafield tag="050" ind1="0" ind2="0">
    <subfield code="a">K  564</subfield>
    <subfield code="b">MUR 2025</subfield>
  </datafield>
  <datafield tag="100" ind1=" " ind2=" ">
    <subfield code="a">Murinda,Lazarus</subfield>
    <subfield code="e">author</subfield>
  </datafield>
  <datafield tag="245" ind1="0" ind2="0">
    <subfield code="a">Artificial intelligence and law :</subfield>
    <subfield code="b">Emerging Legal,Ethical and Regulatory Issues /</subfield>
    <subfield code="c">Lazarus Murinda</subfield>
  </datafield>
  <datafield tag="264" ind1=" " ind2=" ">
    <subfield code="a">Zimbabwe :</subfield>
    <subfield code="b">University of Zimbabwe Press,</subfield>
    <subfield code="c">2025</subfield>
  </datafield>
  <datafield tag="300" ind1=" " ind2=" ">
    <subfield code="a">302 pages</subfield>
    <subfield code="b">illustrations</subfield>
  </datafield>
  <datafield tag="336" ind1=" " ind2=" ">
    <subfield code="a">text</subfield>
    <subfield code="b">txt</subfield>
    <subfield code="2">rdacontent</subfield>
  </datafield>
  <datafield tag="337" ind1=" " ind2=" ">
    <subfield code="a">unmediated</subfield>
    <subfield code="b">n</subfield>
    <subfield code="2">rdamedia</subfield>
  </datafield>
  <datafield tag="338" ind1=" " ind2=" ">
    <subfield code="a">volume</subfield>
    <subfield code="b">nc</subfield>
    <subfield code="2">rdacarrier</subfield>
  </datafield>
  <datafield tag="500" ind1=" " ind2=" ">
    <subfield code="a">"An international journal."</subfield>
  </datafield>
  <datafield tag="650" ind1=" " ind2="0">
    <subfield code="x">Law------Emerging legal regulatory</subfield>
  </datafield>
  <datafield tag="650" ind1=" " ind2="0">
    <subfield code="x">Law-------Ethical issues</subfield>
  </datafield>
  <datafield tag="650" ind1=" " ind2="0">
    <subfield code="x">Law ----Artificial intelligence</subfield>
  </datafield>
  <datafield tag="942" ind1=" " ind2=" ">
    <subfield code="2">lcc</subfield>
    <subfield code="c">BK</subfield>
    <subfield code="h">564</subfield>
    <subfield code="i">MUR</subfield>
    <subfield code="k">K</subfield>
  </datafield>
  <datafield tag="952" ind1=" " ind2=" ">
    <subfield code="0">0</subfield>
    <subfield code="1">0</subfield>
    <subfield code="2">lcc</subfield>
    <subfield code="4">0</subfield>
    <subfield code="7">0</subfield>
    <subfield code="8">NFIC</subfield>
    <subfield code="a">LL</subfield>
    <subfield code="b">LL</subfield>
    <subfield code="c">GEN</subfield>
    <subfield code="d">2025-12-05</subfield>
    <subfield code="e">Donation from Murinda,Lazarus</subfield>
    <subfield code="l">0</subfield>
    <subfield code="o">K 564 MUR 2025</subfield>
    <subfield code="p">034254</subfield>
    <subfield code="r">2025-12-05 12:41:43</subfield>
    <subfield code="t">c.1</subfield>
    <subfield code="w">2025-12-05</subfield>
    <subfield code="y">BK</subfield>
  </datafield>
  <datafield tag="952" ind1=" " ind2=" ">
    <subfield code="0">0</subfield>
    <subfield code="1">0</subfield>
    <subfield code="2">lcc</subfield>
    <subfield code="4">0</subfield>
    <subfield code="7">0</subfield>
    <subfield code="8">NFIC</subfield>
    <subfield code="a">LL</subfield>
    <subfield code="b">LL</subfield>
    <subfield code="c">GEN</subfield>
    <subfield code="d">2026-04-07</subfield>
    <subfield code="e">Purchase</subfield>
    <subfield code="l">1</subfield>
    <subfield code="o">K 564 MUR 2025</subfield>
    <subfield code="p">034527</subfield>
    <subfield code="r">2026-05-14 12:31:34</subfield>
    <subfield code="s">2026-05-06</subfield>
    <subfield code="t">c.2</subfield>
    <subfield code="w">2026-04-07</subfield>
    <subfield code="y">BK</subfield>
  </datafield>
  <datafield tag="952" ind1=" " ind2=" ">
    <subfield code="0">0</subfield>
    <subfield code="1">0</subfield>
    <subfield code="2">lcc</subfield>
    <subfield code="4">0</subfield>
    <subfield code="7">0</subfield>
    <subfield code="8">NFIC</subfield>
    <subfield code="a">LL</subfield>
    <subfield code="b">LL</subfield>
    <subfield code="c">GEN</subfield>
    <subfield code="d">2026-04-07</subfield>
    <subfield code="e">Purchase</subfield>
    <subfield code="l">0</subfield>
    <subfield code="o">K 564 MUR 2025</subfield>
    <subfield code="p">034526</subfield>
    <subfield code="r">2026-04-07 14:09:26</subfield>
    <subfield code="t">c.3</subfield>
    <subfield code="w">2026-04-07</subfield>
    <subfield code="y">BK</subfield>
  </datafield>
  <datafield tag="952" ind1=" " ind2=" ">
    <subfield code="0">0</subfield>
    <subfield code="1">0</subfield>
    <subfield code="2">lcc</subfield>
    <subfield code="4">0</subfield>
    <subfield code="7">0</subfield>
    <subfield code="8">NFIC</subfield>
    <subfield code="a">MCL</subfield>
    <subfield code="b">MCL</subfield>
    <subfield code="c">GEN</subfield>
    <subfield code="d">2026-04-07</subfield>
    <subfield code="e">Purchase</subfield>
    <subfield code="l">0</subfield>
    <subfield code="o">K 564 MUR 2025</subfield>
    <subfield code="p">034528</subfield>
    <subfield code="r">2026-04-07 14:10:05</subfield>
    <subfield code="t">c.4</subfield>
    <subfield code="w">2026-04-07</subfield>
    <subfield code="y">BK</subfield>
  </datafield>
  <datafield tag="999" ind1=" " ind2=" ">
    <subfield code="c">11660</subfield>
    <subfield code="d">11660</subfield>
  </datafield>
</record>
